00586nam a22001817a 450000500170000001000150001702000120003203500140004403700130005808200130007110000200008424500880010425000090019226000420020127001090024330000260035250000260037820210817161513.0 aENG-129879 c1280.00 aEN-113411 bDBAD/PUB a079.5456 aBhargava,Sheela aCorporate culture and work Ethics in Indian print media Industry:cSheela Bhargava  a2021 aNew DelhibKnowledge Publisher c2020 bNew Delhia4233/1, First Floor, Ansari Rd, nea, Daryaganj,e 110002k91-1123263498mproduction@kwpub.com axvi;230p.c22cm (hbk) aincludes bibliography